| 000 | 00765nam a2200253 a 4500 | ||
|---|---|---|---|
| 001 | BRL_1600 | ||
| 005 | 20190320211300.0 | ||
| 008 | 090414s2000----au-ao#####---#000-0#eng-# | ||
| 020 | _a3211833749 | ||
| 041 |
_aeng _hfre |
||
| 044 | _aao | ||
| 050 | 4 |
_aNX456.5.M64 _b.W65 2000 |
|
| 245 | 1 | 0 |
_aWolfgang Paleen´s DYN _bthe complete reprint _cChristian Kloyber (Ed.) |
| 260 |
_aWien _bSpringer _c2000 |
||
| 300 |
_a1 v. (en varias paginaciones) _bil., fotografías (blanco y negro) _c29 cm. |
||
| 500 | _aAu876 | ||
| 500 | _aTexto en: Inglés y frances | ||
| 600 | 1 | 4 |
_aPaalen, Wolfgang _d1907-1959. _927405 |
| 650 | 1 | 4 |
_aArtes _vPublicaciones periódicas _927406 |
| 700 | 1 |
_aKloyber, Christian _eed. _927407 |
|
| 740 | 0 | _aDYN | |
| 902 | _aGRL | ||
| 942 |
_2lcc _cB |
||
| 999 |
_c10409 _d10409 |
||